Irregular Verbs Quiz #3 - Statistics

General Stats
  • This quiz has been taken 502 times
  • The average score is 35 of 40
Answer Stats
Verb Answer % Correct
come came
98%
drink drank
98%
build built
97%
cut cut
97%
forget forgot
97%
choose chose
96%
cut
96%
bring brought
95%
built
95%
feed fed
95%
chosen
94%
drunk
94%
fed
94%
forgotten
94%
fight fought
94%
fought
93%
see saw
93%
brought
92%
come
92%
hear heard
92%
run ran
92%
speak spoke
92%
swim swam
92%
heard
91%
spoken
90%
run
89%
seen
88%
lead led
87%
led
87%
mean meant
86%
meant
85%
think thought
85%
thought
84%
swum
82%
tear tore
69%
grind ground
68%
ground
68%
light lit
66%
lit
66%
torn
57%
No matching quizzes found
Score Distribution
Percent of People with Each Score
Percentile by Number Answered
Your Score History
You have not taken this quiz